3 Biggest cities in the most populous countries - Statistics

General Stats
  • This quiz has been taken 73 times
  • The average score is 37 of 60
Answer Stats
Country Answer % Correct
China Beijing
97%
United States Los Angeles
97%
United States New York City
97%
China Shanghai
97%
India Delhi
96%
India Mumbai
96%
Brazil Rio de Janeiro
96%
Brazil Sao Paulo
96%
Indonesia Jakarta
94%
United States Chicago
93%
Nigeria Lagos
93%
Russia Moscow
93%
Russia St. Petersburg
93%
Mexico Mexico City
91%
Egypt Cairo
90%
Japan Tokyo
90%
Vietnam Hanoi
88%
Egypt Alexandria
87%
Philippines Manila
87%
Pakistan Karachi
85%
Thailand Bangkok
84%
Japan Osaka
84%
Ethiopia Addis Ababa
82%
Turkey Ankara
82%
Bangladesh Dhaka
82%
Germany Berlin
81%
Brazil Brasilia
81%
Vietnam Ho Chi Minh City
81%
Turkey Istanbul
81%
Iran Tehran
78%
Pakistan Lahore
76%
Germany Munich
76%
D. R. Congo Kinshasa
74%
Germany Hamburg
69%
India Bangalore/Bengaluru
66%
Turkey Izmir
57%
Mexico Iztapalapa
57%
Bangladesh Chittagong
53%
Nigeria Kano
53%
Indonesia Surabaya
53%
Indonesia Bandung
50%
China Chongqing
41%
Philippines Quezon City
40%
Nigeria Ibadan
38%
Iran Isfahan
38%
Russia Novosibirsk
37%
Pakistan Faisalabad
35%
Egypt Giza
32%
Iran Mashhad
32%
Vietnam Da Nang
31%
D.R. Congo Lubumbashi
26%
D. R. Congo Mbuji-Mayi
19%
Mexico Ecatepec de Morelos
7%
Ethiopia Dire Dawa
4%
Bangladesh Khulna
3%
Ethiopia Mek'ele
1%
Japan Yokohoma
1%
Philippines Caloocan City
0%
Thailand Mueang Nonthaburi
0%
Thailand Samut Prakan
0%
No matching quizzes found
Score Distribution
Percent of People with Each Score
Percentile by Number Answered
Your Score History
You have not taken this quiz